British Monarchs by Picture - Statistics

General Stats
  • This quiz has been taken 1,967 times
  • The average score is 9 of 12
Answer Stats
Picture Answer % Correct
Elizabeth II
92%
Victoria
90%
George VI
81%
George V
79%
Anne
78%
George III
78%
Edward VII
73%
Edward VIII
71%
George I
65%
George II
63%
George IV
59%
William IV
52%
No matching quizzes found
Score Distribution
Percent of People with Each Score
Percentile by Number Answered
Your Score History
You have not taken this quiz